[Event "Clark Harmon Memorial 8th"]
[Site "Seattle"]
[Date "2014.05.03"]
[Round "1"]
[White "Jiang, Peiqi"]
[Black "Wilson, Matthew Spencer"]
[Result "1/2-1/2"]
[WhiteElo "1691"]
[BlackElo "1946"]
[PlyCount "39"]
[EventDate "2014.05.03"]
[EventType "swiss"]
[EventRounds "5"]
[EventCountry "USA"]
[SourceTitle "EXT 2017"]
[Source "ChessBase"]
[SourceDate "2016.10.25"]
[SourceVersion "1"]
[SourceVersionDate "2016.10.25"]
[SourceQuality "1"]

1. f4 c5 2. Nf3 Nf6 3. g3 Nc6 4. Bg2 d6 5. d3 Qc7 6. e4 g6 7. 0-0 Bg7 8. a3 0-0 9. Nc3 e6 10. h3 a6 11. g4 Rb8 12. Qe1 b5 13. Qh4 b4 14. Ne2 bxa3 15. Rxa3 Ne8 16. c3 Qd8 17. Qg3 Nf6 18. Qh4 Ne8 19. Qg3 Nf6 20. Qh4 1/2-1/2

[Event "Washington Class-ch A"]
[Site "Redmond"]
[Date "2012.11.24"]
[Round "4"]
[White "Jiang, Peiqi"]
[Black "Campbell, Tim"]
[Result "1-0"]
[WhiteElo "1585"]
[BlackElo "1718"]
[PlyCount "67"]
[EventDate "2012.11.23"]
[EventType "swiss"]
[EventRounds "6"]
[EventCountry "USA"]
[SourceTitle "EXT 2017"]
[Source "ChessBase"]
[SourceDate "2016.10.25"]
[SourceVersion "1"]
[SourceVersionDate "2016.10.25"]
[SourceQuality "1"]

1. d4 d5 2. c4 Nc6 3. Nc3 Nf6 4. Nf3 Bg4 5. Ne5 Nxe5 6. dxe5 d4 7. Nb5 c6 8. Nxd4 Qa5+ 9. Qd2 Qxe5 10. Qf4 Qxf4 11. Bxf4 Rd8 12. 0-0-0 e6 13. f3 Bc5 14. Nb3 Rxd1+ 15. Kxd1 Bb6 16. c5 Bd8 17. fxg4 Nxg4 18. Bg3 Bc7 19. Bxc7 Nf2+ 20. Ke1 Nxh1 21. g3 h5 22. Bg2 h4 23. Bxh1 hxg3 24. Bxg3 g5 25. Na5 f5 26. Be5 Rh7 27. Kf2 f4 28. Kg1 Rh3 29. Nxb7 Re3 30. Bxc6+ Kf7 31. Bd6 Rxe2 32. Bf3 Rxb2 33. c6 Ke8 34. Bh5# 1-0